| 000 | 00566nam a22001937a 4500 | ||
|---|---|---|---|
| 005 | 20221102144306.0 | ||
| 008 | 221102b ||||| |||| 00| 0 eng d | ||
| 040 | _cAL | ||
| 041 | _aEnglish | ||
| 082 |
_223 _a340 _bINDR |
||
| 100 |
_aGovernment of India _960792 |
||
| 245 | _aReport of the National Commission on Labour Volume II | ||
| 260 |
_aIndia _bMinistry of Labour governmnt of India _c2002 |
||
| 300 |
_a284 p. _bPB _c28x20 cm. |
||
| 650 |
_aLaw _960793 |
||
| 650 |
_aSocial sciences _960794 |
||
| 700 |
_aINDIA (Government Of) _960795 |
||
| 942 |
_2ddc _cGF |
||
| 999 |
_c224984 _d224984 |
||